Giúp ôn tập tốt môn toán cao cấp

Salvato in:
Dettagli Bibliografici
Natura: Libro
Tags: Aggiungi Tag
Nessun Tag, puoi essere il primo ad aggiungerne! !
Thư viện lưu trữ: Mạng thư viện Đại học Đà Nẵng
LEADER 00451nam a2200181 4500
001 000007836
003 4006
005 20150812140837.0
008 111011s sd
245 0 0 |a Giúp ôn tập tốt môn toán cao cấp 
OWN |a LSP 
999 |a From the UDN01 
TYP |a Monograph 
TYP |a Printed language 
980 |a Mạng thư viện Đại học Đà Nẵng